Договор за създаване на Европейската общност | Договор за Европейския съюз | Съдебна практика (Запис номер 78803)
[ съкратено ]
| 000 -Лидер | |
|---|---|
| Контролно поле с фиксирана дължина | 02488nam a2200493 c 4500 |
| 003 - Код на организацията, давaща контролен номер | |
| Контролно поле | BLK |
| 005 - Дата и час на последна редакция | |
| Контролно поле | 20180420224411.0 |
| 008 - Елементи от данни с фиксирана дължина | |
| fixed length control field | 180408b bul|||||r ||||||| ||bul|| |
| 010 ## - Наследен системен номер | |
| LC control number | KNG00083270000 |
| 020 ## - Международен стандартен номер на книга ISBN | |
| Международен стандартен номер на книга ISBN | 978-954-730-461-1 |
| -- | издат.: Сиби |
| 040 ## - Източник на каталожния запис | |
| Идентификатор на билиотеката - собственик на записа | BLK |
| 041 ## - Код за език | |
| Код за езика на текст/звукозапис или на отделно заглавие | Български |
| Код за езика КДБФ | Български |
| 072 #7 - Код за тематичната категория | |
| Код организация | bullib |
| Код за тематична категория | Е |
| Текст | Картотека "Европейски съюз" |
| 080 ## - УДК | |
| Текстов определител УДК | Европейски съюз (икон. аспекти) |
| УДК код - определител по УДК | 339.923:061.1ЕС |
| УДК определител | (094.2) |
| УДК - код + определител | 339.923:061.1ЕС(094.2) |
| 080 ## - УДК | |
| Текстов определител УДК | Европейски съюз - политически аспекти |
| УДК код - определител по УДК | 327.7:061.1ЕС |
| УДК определител | (094.2) |
| УДК - код + определител | 327.7:061.1ЕС(094.2) |
| 080 ## - УДК | |
| Текстов определител УДК | Международни съглашения. Международни договори и авторско право. Видове и форми, сключване и ратификация, изпълнение на договори и др. |
| УДК код - определител по УДК | 341.24 |
| УДК определител | (4)(094.2) |
| УДК - код + определител | 341.24(4)(094.2) |
| 139 ## - Редно поле | |
| Редна дума | Европейски съюз |
| Авторски знак | Еври - Е 20 |
| 245 10 - Сведения за заглавието | |
| Заглавие | Договор за създаване на Европейската общност |
| Редно поле (дума) | състав. Станислав Костов. |
| 245 10 - Сведения за заглавието | |
| Заглавие | Договор за Европейския съюз |
| Подзаглавни данни | |
| Редно поле (дума) | |
| 245 10 - Сведения за заглавието | |
| Заглавие | Съдебна практика |
| Подзаглавни данни | |
| Редно поле (дума) | |
| 257 ## - Страна на издаване | |
| Страна на създаване/издаване | България |
| 260 ## - Област на издателските данни | |
| -- | София |
| Име на издателя, разпространителя и проч. | Сиби |
| Година на издаване | 2007 |
| Печатница | София : Симолини |
| 300 ## - Физическа характеристика | |
| Страници | 608 с. |
| Илюстрации и др. | с табл. |
| Размери/Мащаб | 19 см |
| 380 ## - Жанр | |
| Жанр | Обществени науки |
| 490 1# - СЕРИИ (Колекции) | |
| Име на серия | Поредица Джобни издания |
| 500 ## - Общи забележки | |
| Забележка | Информ. към 05.11.2008 г. |
| 650 #4 - Допълнително описание по предмет – тема | |
| Основно описание – тема или топоним | Европейски съюз - законодателни и директивни материали |
| 9 (RLIN) | 263637 |
| 650 #4 - Допълнително описание по предмет – тема | |
| Основно описание – тема или топоним | Международни договори и съглашения - Европейска общност - нормативни актове |
| 9 (RLIN) | 260263 |
| 650 #4 - Допълнително описание по предмет – тема | |
| Основно описание – тема или топоним | Европейска общност - нормативни актове |
| 9 (RLIN) | 260262 |
| 651 #4 - Допълнително описание по предмет - топоним | |
| Географско понятие | Европейски съюз |
| 9 (RLIN) | 258188 |
| 651 #4 - Допълнително описание по предмет - топоним | |
| Географско понятие | Европейска общност |
| 9 (RLIN) | 178862 |
| 653 ## - Ключова дума – ненормативна | |
| Ключова дума | международни договори |
| 653 ## - Ключова дума – ненормативна | |
| Ключова дума | съдебна практика |
| 653 ## - Ключова дума – ненормативна | |
| Ключова дума | Европейски съюз |
| 653 ## - Ключова дума – ненормативна | |
| Ключова дума | Европейска общност |
| 659 ## - Тематичен бюлетин | |
| Тематичен бюлетин | Е |
| 700 1# - Други автори (авторска отговорност) | |
| Лично име | Костов, Станислав |
| Автороска отговорност (Описва отношението между автора и произведението) | състав. |
| 9 (RLIN) | 298909 |
| 710 1# - Име на организация или юридическо лице като допълнителен термин за търсене | |
| Наименование на организация или юридическо лице като редна дума | Европейски съюз |
| 9 (RLIN) | 258188 |
| 852 ## - Местоположение | |
| Форматна сигнатура | Цб 239698 |
| 856 4# - Електронен адрес и достъп | |
| Електронен формат | pdf - файл |
| Път до файла /url/ | |
| 856 4# - Електронен адрес и достъп | |
| Електронен формат | pdf - файл |
| Път до файла /url/ | |
| 942 ## - АРТИКУЛИ | |
| Вид на библиотечния материал | Книги |
| Скрит в OPAC | Не |
| 944 ## - СЪЗДАВАНЕ И РЕДАКЦИЯ на ЗАПИСА | |
| Създаване/Редакция | Създаване |
| Дата на регистрацията/редакция | 17.04.2008 |
| Служител, извършил регистрацията/редакцията | Геновева_Генчева |
| 944 ## - СЪЗДАВАНЕ И РЕДАКЦИЯ на ЗАПИСА | |
| Създаване/Редакция | Редакция |
| Дата на регистрацията/редакция | 21.11.2008 |
| Служител, извършил регистрацията/редакцията | |
| 999 ## - СИСТЕМНИ КОНТРОЛНИ НОМЕРА | |
| Koha biblionumber | 78803 |
| Koha biblioitemnumber | 78803 |
| Код за отписване | Код за изгубен артикул | Код за повреда | Коз за рестрикции | Код за отдаване | Артикулен № | Име на библиотеката - собственик | Име на библиотеката, в която се намира в момента | Статус (Текущо местоположение) | Дата на вписване в системата | Местоположение - отдел | Цена в лева | Инвентарен номер | Систематично азбучна сигнатура | Баркод | Номер на екземпляра | Цена в евро | Служебна бележка | Служебен тип на артикула |
|---|---|---|---|---|---|---|---|---|---|---|---|---|---|---|---|---|---|---|
| Не е изгубен | Не е повреден | без рестрикции | ползва се в читалня | 127458 | Регионална библиотека "Любен Каравелов" Русе | Регионална библиотека "Любен Каравелов" Русе | Хранилище | 2008-04-17 | Хранилище | 18.00 | 120000725645 | Цб 239698 | 120000725645 | 1 | 9.20 | Дост: Dp Вид: Д N: 11 Дата: 13.02.2008 | Книги | |
| Не е изгубен | Не е повреден | без рестрикции | ползва се в читалня | 127459 | Регионална библиотека "Любен Каравелов" Русе | Регионална библиотека "Любен Каравелов" Русе | Читалня | 2008-11-19 | Читалня | 18.00 | 120000731666 | Ч 339.923:061ЕС/Е 20 | 120000731666 | 2 | 9.20 | Дост: Pk Вид: Ф N: 375 Дата: 06.11.2008 Дата инв: 29.03.2017 Бележки инв: Ч2017 | Книги |